MARC

LEADER 00000nam0a2200000 4500
001 683568
005 20251202135720.0
090 |a 683568 
100 |a 20251202d1978 m||y0rusy50 ca 
101 0 |a rus 
102 |a RU 
105 |a c z 000cd 
181 0 |a i   |b  e  
182 0 |a n 
183 0 |a nc  |2 RDAcarrier 
200 1 |a Солдаты революции (девять портретов)  |f З. С. Шейнис 
203 |a Текст  |b визуальный  |c непосредственный 
210 |a Москва  |c Советская россия  |d 1978 
215 |a 304 с.  |c портр. 
283 |a volume  |2 RDAcarrier 
600 1 |a Цюрупа  |b А. Д.  |c революционер  |f 1870-1928  |g Александр Дмитриевич  |9 14540 
600 1 |a Литвинов  |b М. М.  |c настоящие фамилия и имя Валлах Макс  |c советский государственный деятель  |f 1876-1951  |g Максим Максимович  |9 9596 
600 1 |a Сергеев (Артем)  |b Ф. А.  |c политический деятель  |c член РСДРП с 1901 г.  |f 1883-1921  |g Федор Андреевич  |9 14121 
606 |a Персоналии деятелей КПСС  |x История  |9 67493 
610 1 |a Великая Октябрьская революция 
610 1 |a революционеры 
610 1 |a партийные деятели 
610 1 |a жизнь 
610 1 |a деятельность 
610 1 |a очерки 
686 |2 rubbk  |a Ф61(2)8 
700 1 |a Шейнис  |b З. С.  |g Зиновий Савельевич 
801 0 |a RU  |b 63413507  |c 20251202 
830 |a Ретро2025Каталогизация Шило 
850 |a 63413507 
942 |c BK